00294nam a2200109Ia 4500008004000000020001800040082001800058100001800076245004200094260004000136300000800176210210b1995 xxu||||| |||| 00| 0 eng d a81 7033 289 8 a305.6971 SAIR aSAIYED (A R). aReligion and ethnicity among muslims. aJaipur.bRawat Publications.,c1995 a349